[Event "BL2 West 2223 (Women)"]
[Site "Germany"]
[Date "2022.10.16"]
[Round "2.3"]
[White "Stoer, Agnes"]
[Black "Mundt, Alexandra"]
[Result "1/2-1/2"]
[WhiteElo "1861"]
[BlackElo "1777"]
[PlyCount "56"]
[EventDate "2022.10.15"]
[EventType "team-tourn"]
[EventRounds "7"]
[EventCountry "GER"]
[SourceTitle "EXT 2025"]
[Source "ChessBase"]
[SourceDate "2024.10.14"]
[SourceVersion "1"]
[SourceVersionDate "2024.10.14"]
[SourceQuality "1"]
[WhiteTeam "Muelheim Nord (W)"]
[BlackTeam "Luebeck (W)"]
[WhiteTeamCountry "GER"]
[BlackTeamCountry "GER"]

1. c4 g6 2. d4 Bg7 3. Nc3 c5 4. Nf3 Nc6 5. d5 Ne5 6. e4 d6 7. Be2 Nxf3+ 8. Bxf3 Nf6 9. 0-0 0-0 10. Rb1 Re8 11. Bf4 Nd7 12. Be2 Ne5 13. Bg3 f5 14. f4 Nf7 15. Bd3 Nh6 16. e5 Ng4 17. Qe2 e6 18. h3 Nh6 19. Qf2 Nf7 20. Bh4 Qa5 21. Bf6 dxe5 22. Bxg7 Kxg7 23. Be2 exf4 24. Rbd1 e5 25. d6 Bd7 26. Nd5 Rad8 27. Nc7 Rf8 28. Rd5 Nxd6 1/2-1/2

[Event "BL2 West 2122 (Women)"]
[Site "Germany"]
[Date "2022.03.20"]
[Round "5.3"]
[White "Orlova, Inna"]
[Black "Mundt, Alexandra"]
[Result "1-0"]
[WhiteElo "2026"]
[BlackElo "1770"]
[PlyCount "67"]
[EventDate "2021.11.27"]
[EventType "team-tourn"]
[EventRounds "7"]
[EventCountry "GER"]
[SourceTitle "EXT 2023"]
[Source "ChessBase"]
[SourceDate "2022.10.05"]
[SourceVersion "1"]
[SourceVersionDate "2022.10.05"]
[SourceQuality "1"]
[WhiteTeam "Solingen (W)"]
[BlackTeam "Luebeck (W)"]
[WhiteTeamCountry "GER"]
[BlackTeamCountry "GER"]

1. d4 g6 2. e4 Bg7 3. Nf3 c5 4. c3 cxd4 5. cxd4 d6 6. Nc3 Nf6 7. Bc4 0-0 8. h3 Nc6 9. 0-0 e5 10. dxe5 Nxe5 11. Nxe5 dxe5 12. Qb3 Nh5 13. Be3 Qh4 14. Rfd1 g5 15. Nd5 g4 16. hxg4 Bxg4 17. Bc5 Nf4 18. Bxf8 Rxf8 19. Re1 Qg5 20. Qg3 Nh5 21. Qe3 Nf4 22. g3 Nh3+ 23. Kg2 Qh5 24. Rh1 Kh8 25. f3 Bd7 26. Qe2 Qg5 27. Rxh3 Bxh3+ 28. Kxh3 a6 29. Ne3 Bh6 30. Nf5 b5 31. Bd5 Qh5+ 32. Kg2 Bf4 33. Rh1 Qg5 34. Rh4 1-0

[Event "GER-chT U20 Girls"]
[Site "Willingen"]
[Date "2021.06.26"]
[Round "6.6"]
[White "Mundt, Alexandra"]
[Black "Stelter, Finja"]
[Result "1-0"]
[WhiteElo "1768"]
[BlackElo "1133"]
[PlyCount "111"]
[EventDate "2021.06.23"]
[EventType "team-swiss"]
[EventRounds "7"]
[EventCountry "GER"]
[SourceTitle "CBM 203 Extra"]
[Source "ChessBase"]
[SourceDate "2021.09.30"]
[SourceVersion "1"]
[SourceVersionDate "2021.09.30"]
[SourceQuality "1"]
[WhiteTeam "Kiel Doppelbauer"]
[BlackTeam "Lehrte"]
[WhiteTeamCountry "GER"]
[BlackTeamCountry "GER"]

1. e4 c5 2. Nf3 Nc6 3. d4 cxd4 4. Nxd4 g6 5. Nc3 Bg7 6. Be3 Nf6 7. Bc4 0-0 8. Bb3 d6 9. f3 Nd7 10. Qd2 Nc5 11. h4 Nxd4 12. Bxd4 Nxb3 13. cxb3 Bxd4 14. Qxd4 e5 15. Qd2 f5 16. 0-0-0 fxe4 17. h5 exf3 18. hxg6 Qf6 19. Nd5 Qg7 20. Rxh7 Qxg6 21. Ne7+ Kxh7 22. Nxg6 Kxg6 23. gxf3 Bf5 24. Rg1+ Kf7 25. Qd5+ Kf6 26. Qxb7 Rac8+ 27. Kd1 Rf7 28. Qb4 Rfc7 29. Ke2 Rc2+ 30. Ke3 Rxb2 31. Qxd6+ Be6 32. Rg6+ Kxg6 33. Qxe6+ Kg5 34. Qxe5+ Kg6 35. Qxb2 Re8+ 36. Kf2 Kf5 37. Qd4 a5 38. Qd7+ Re6 39. a3 Kf6 40. b4 axb4 41. axb4 Re7 42. Qd4+ Kf7 43. b5 Ke8 44. b6 Kf7 45. Qd5+ Kf8 46. b7 Re8 47. Qd6+ Kf7 48. b8Q Rxb8 49. Qxb8 Kg6 50. Qe5 Kh6 51. Kg3 Kg6 52. Kg4 Kh6 53. Qg5+ Kh7 54. Kf5 Kh8 55. Kf6 Kh7 56. Qg7# 1-0

[Event "GER-chT Christmas U20"]
[Site "Playchess.com INT"]
[Date "2020.12.29"]
[Round "2.2"]
[White "Lohmann, Dominik"]
[Black "Mundt, Alexandra"]
[Result "1-0"]
[WhiteElo "1786"]
[BlackElo "1768"]
[PlyCount "57"]
[EventDate "2020.12.29"]
[EventType "team-swiss (blitz)"]
[EventRounds "7"]
[EventCountry "GER"]
[SourceTitle "CBM 200 Extra"]
[Source "ChessBase"]
[SourceDate "2021.03.31"]
[SourceVersion "1"]
[SourceVersionDate "2021.03.31"]
[SourceQuality "1"]
[WhiteTeam "Leipheim"]
[BlackTeam "Luebeck"]
[WhiteTeamCountry "GER"]
[BlackTeamCountry "GER"]

1. e4 e5 2. Nf3 Nf6 3. Nc3 Bb4 4. Nd5 Nxd5 5. exd5 d6 6. c3 Ba5 7. Bc4 Bg4 8. d3 0-0 9. 0-0 f5 10. Qa4 Bxf3 11. gxf3 Bb6 12. Bb3 f4 13. Kh1 Qh4 14. Qe4 Rf6 15. Rg1 Bxf2 16. Rg2 Bb6 17. Bd2 Nd7 18. d4 exd4 19. cxd4 Rff8 20. Rag1 Rf7 21. Rg4 Qh5 22. Qe6 Nf6 23. Rxg7+ Kf8 24. Qxf7+ Qxf7 25. Rxf7+ Kxf7 26. Bxf4 Bxd4 27. Rc1 Rg8 28. Rxc7+ Kf8 29. Bxd6+ 1-0

[Event "GER-ch U18 Girls"]
[Site "Willingen"]
[Date "2020.10.23"]
[Round "5"]
[White "Kobald, Jacqueline"]
[Black "Mundt, Alexandra"]
[Result "1-0"]
[WhiteElo "1955"]
[BlackElo "1786"]
[PlyCount "109"]
[EventDate "2020.10.19"]
[EventType "swiss"]
[EventRounds "7"]
[EventCountry "GER"]
[SourceTitle "EXT 2022"]
[Source "ChessBase"]
[SourceDate "2021.10.06"]
[SourceVersion "1"]
[SourceVersionDate "2021.10.06"]
[SourceQuality "1"]

1. e4 e5 2. Nc3 Nf6 3. f4 d5 4. fxe5 Nxe4 5. Qf3 Nxc3 6. dxc3 Qh4+ 7. g3 Qe4+ 8. Qxe4 dxe4 9. Bg2 Bf5 10. Ne2 Bc5 11. Nd4 Bg6 12. Bf4 Na6 13. 0-0-0 0-0 14. h4 Bh5 15. Rde1 c6 16. Bxe4 Bg4 17. h5 Nc7 18. Rh4 Bc8 19. Nf5 Bxf5 20. Bxf5 Nd5 21. Bd2 Rfe8 22. Rg4 Bf8 23. Rge4 g6 24. hxg6 hxg6 25. Bh3 Bg7 26. Bg5 f5 27. exf6 Rxe4 28. Rxe4 Bxf6 29. Bxf6 Nxf6 30. Re7 Rb8 31. Be6+ Kh8 32. c4 a6 33. c5 Ne4 34. Bf7 Nxc5 35. Bxg6 Rf8 36. Rf7 Rxf7 37. Bxf7 Ne4 38. g4 b6 39. Bg6 Nf6 40. Bf5 Kg7 41. Kd2 Nd5 42. c4 Ne7 43. Ke3 c5 44. Ke4 Kf6 45. Bd7 Ng6 46. Kd5 Nf4+ 47. Kc6 Nd3 48. b3 b5 49. Bf5 bxc4 50. bxc4 Nb4+ 51. Kxc5 Nxa2 52. Kb6 Nb4 53. Ka5 Nc6+ 54. Kxa6 Nd4 55. Kb6 1-0

[Event "GER-ch rapid (Women) 46th"]
[Site "Plochingen"]
[Date "2020.09.19"]
[Round "5"]
[White "Mundt, Alexandra"]
[Black "Voicu Jagodzinsky, Carmen"]
[Result "0-1"]
[WhiteElo "1786"]
[BlackElo "2247"]
[PlyCount "84"]
[EventDate "2020.09.19"]
[EventType "swiss (rapid)"]
[EventRounds "9"]
[EventCountry "GER"]
[SourceTitle "CBM 198 Extra"]
[Source "ChessBase"]
[SourceDate "2020.11.30"]
[SourceVersion "1"]
[SourceVersionDate "2020.11.30"]
[SourceQuality "1"]

1. e4 c5 2. Nf3 Nc6 3. d4 cxd4 4. Nxd4 g6 5. Nc3 Bg7 6. Be3 Nf6 7. Be2 0-0 8. Qd2 d5 9. exd5 Nxd5 10. Nxc6 bxc6 11. Nxd5 cxd5 12. c3 Bb7 13. Bd4 e5 14. Bc5 Re8 15. 0-0 Qh4 16. Bf3 Red8 17. g3 Qf6 18. Bg2 a5 19. Rad1 Bc6 20. Be3 Qe6 21. Rfe1 a4 22. Bb6 Rd7 23. Qe2 Rb8 24. Be3 Bb5 25. Qc2 Qc6 26. Rd2 Bc4 27. a3 Rdb7 28. Qc1 Rb5 29. Red1 Qb7 30. Qa1 e4 31. Bd4 Bd3 32. Bxg7 Kxg7 33. Bf1 Bxf1 34. Kxf1 e3 35. fxe3 d4 36. cxd4 Qh1+ 37. Ke2 Qxh2+ 38. Kf3 Rf5+ 39. Ke4 Qxg3 40. b4 Re8+ 41. Kd3 Qxe3+ 42. Kc2 Qb3+ 0-1

[Event "GER-chT U20"]
[Site "Braunschweig"]
[Date "2019.12.28"]
[Round "4.4"]
[White "Sequeira, Titus"]
[Black "Mundt, Alexandra"]
[Result "0-1"]
[WhiteElo "1472"]
[BlackElo "1775"]
[PlyCount "66"]
[EventDate "2019.12.27"]
[EventType "team-swiss"]
[EventRounds "7"]
[EventCountry "GER"]
[SourceTitle "CBM 194 Extra"]
[Source "ChessBase"]
[SourceDate "2020.03.31"]
[SourceVersion "1"]
[SourceVersionDate "2020.03.31"]
[SourceQuality "1"]
[WhiteTeam "Trier SG"]
[BlackTeam "Luebeck"]
[WhiteTeamCountry "GER"]
[BlackTeamCountry "GER"]

1. e4 e5 2. Nf3 Nf6 3. Nc3 Bb4 4. Be2 d6 5. 0-0 Bxc3 6. dxc3 Nxe4 7. Re1 Nf6 8. Bg5 0-0 9. Bd3 Bg4 10. h3 Bh5 11. g4 Bg6 12. Nh4 Bxd3 13. Qxd3 h6 14. Bd2 Nbd7 15. Kh2 Nc5 16. Qf5 Nfe4 17. Nf3 g6 18. Qxe4 Nxe4 19. Rxe4 Qf6 20. Kg3 Rfe8 21. Bxh6 d5 22. Bg5 Qb6 23. Rb4 Qc6 24. Re1 f6 25. Be3 a5 26. Rb3 f5 27. gxf5 gxf5 28. Kh2 d4 29. Rg1+ Kh8 30. cxd4 Qxf3 31. dxe5 Qe4 32. f4 Rg8 33. Rd3 Rxg1 0-1

[Event "BL2 West 1920 (Women)"]
[Site "Germany"]
[Date "2019.12.15"]
[Round "4.4"]
[White "Mundt, Alexandra"]
[Black "Buchholz, Maja Patricia"]
[Result "1-0"]
[WhiteElo "1756"]
[BlackElo "1711"]
[PlyCount "73"]
[EventDate "2019.09.14"]
[EventType "team-tourn"]
[EventRounds "7"]
[EventCountry "GER"]
[SourceTitle "EXT 2021"]
[Source "ChessBase"]
[SourceDate "2020.10.23"]
[SourceVersion "1"]
[SourceVersionDate "2020.10.23"]
[SourceQuality "1"]
[WhiteTeam "Luebeck (W)"]
[BlackTeam "Langen (W)"]
[WhiteTeamCountry "GER"]
[BlackTeamCountry "GER"]

1. e4 e6 2. d4 d5 3. Nd2 Nf6 4. e5 Nfd7 5. Bd3 c5 6. c3 Nc6 7. Ne2 cxd4 8. cxd4 f6 9. exf6 Nxf6 10. 0-0 Bd6 11. Nf3 Qc7 12. h3 0-0 13. Bd2 Bd7 14. Rc1 Qb6 15. Bc3 Be8 16. Ng5 Bd7 17. Bb1 Rae8 18. Qc2 h6 19. Nh7 Rf7 20. Nxf6+ Rxf6 21. Qh7+ Kf7 22. Ng3 Bxg3 23. fxg3 Nxd4 24. Bg6+ Kf8 25. Rxf6+ Ke7 26. Qxg7+ Kd6 27. Bxd4 Qxd4+ 28. Kh2 Qd2 29. Bxe8 Qxc1 30. Qxd7+ Ke5 31. Qxe6+ Kd4 32. Rf4+ Kd3 33. Qxd5+ Ke3 34. Qd4+ Ke2 35. Re4+ Kf1 36. Bb5+ Qc4 37. Bxc4# 1-0

[Event "GER-chT Lands U20"]
[Site "Wuerzburg"]
[Date "2019.10.06"]
[Round "7.2"]
[White "Sauer, Tim"]
[Black "Mundt, Alexandra"]
[Result "1-0"]
[WhiteElo "1597"]
[BlackElo "1756"]
[PlyCount "119"]
[EventDate "2019.10.01"]
[EventType "team-swiss"]
[EventRounds "7"]
[EventCountry "GER"]
[SourceTitle "EXT 2020"]
[Source "ChessBase"]
[SourceDate "2019.10.17"]
[SourceVersion "1"]
[SourceVersionDate "2019.10.17"]
[SourceQuality "1"]
[WhiteTeam "Niedersachsen"]
[BlackTeam "Schleswig Holstein"]
[WhiteTeamCountry "GER"]
[BlackTeamCountry "GER"]

1. e4 e5 2. Nf3 Nf6 3. Nxe5 d6 4. Nf3 Nxe4 5. Nc3 Nxc3 6. dxc3 Be7 7. Be3 0-0 8. Qd2 Nc6 9. 0-0-0 a6 10. Bd3 Rb8 11. h4 b5 12. Ng5 h6 13. Nf3 Na5 14. Bxh6 Nc4 15. Qf4 Re8 16. Bg5 Bxg5 17. hxg5 Be6 18. Qh4 Kf8 19. Qh8+ Ke7 20. Qxg7 Rg8 21. Qf6+ Kf8 22. Qf4 Ne5 23. Nxe5 dxe5 24. Qxe5 Qxg5+ 25. Qxg5 Rxg5 26. Rh8+ Rg8 27. Rxg8+ Kxg8 28. Be4 Kf8 29. b3 Rb6 30. Rd3 Ke7 31. Kd2 Bd7 32. Re3 Kf6 33. Rf3+ Ke7 34. g3 c5 35. Re3 Kf8 36. f4 Rh6 37. Re2 Bg4 38. Rg2 Rd6+ 39. Kc1 Rd1+ 40. Kb2 Ke7 41. Bb7 Rd6 42. Rh2 a5 43. Rh4 Rg6 44. Bc6 b4 45. cxb4 axb4 46. Bd5 Rg7 47. Rh1 Kd6 48. Bc4 Bf3 49. Re1 Bg4 50. Re5 f6 51. Rd5+ Kc6 52. Rd8 Bd7 53. Rg8 Rh7 54. Rg6 Rh2 55. Rxf6+ Kc7 56. Bd3 Rg2 57. Rg6 Rf2 58. Rg5 Kd6 59. a3 Rf3 60. a4 1-0

[Event "BL2 West 1920 (Women)"]
[Site "Germany"]
[Date "2019.09.14"]
[Round "1.4"]
[White "Mundt, Alexandra"]
[Black "Sinnhoefer, Lilian"]
[Result "1-0"]
[WhiteElo "1756"]
[BlackElo "1442"]
[PlyCount "69"]
[EventDate "2019.09.14"]
[EventType "team-tourn"]
[EventRounds "7"]
[EventCountry "GER"]
[SourceTitle "EXT 2021"]
[Source "ChessBase"]
[SourceDate "2020.10.23"]
[SourceVersion "1"]
[SourceVersionDate "2020.10.23"]
[SourceQuality "1"]
[WhiteTeam "Luebeck (W)"]
[BlackTeam "Delmenhorst (W)"]
[WhiteTeamCountry "GER"]
[BlackTeamCountry "GER"]

1. e4 e5 2. Nf3 Nc6 3. Bb5 a6 4. Ba4 b5 5. Bb3 Bc5 6. c3 Nf6 7. d3 h6 8. 0-0 d6 9. h3 Bb6 10. Be3 g5 11. Nbd2 g4 12. hxg4 Nxg4 13. Bxb6 cxb6 14. Bd5 Bd7 15. a4 bxa4 16. Rxa4 Nf6 17. Ra1 Rg8 18. Nc4 Nxd5 19. exd5 Qf6 20. dxc6 Bg4 21. Kh1 b5 22. Ne3 Bh5 23. Rg1 Bxf3 24. Qxf3 Rg5 25. Rge1 Qg6 26. c7 Rc8 27. Nd5 Kf8 28. Kg1 Rf5 29. Qh3 Qe6 30. Ne3 Rf6 31. Qxe6 fxe6 32. Rxa6 Rxc7 33. Rxd6 Rcf7 34. Ng4 Rf4 35. Nxe5 1-0